Word Ladder: Burden Squad Quiz Stats

 Plays Quiz Updated Mar 29, 2018

Challenge
Share
Tweet
Embed
Score 0/20 Timer 03:00
0 Plays Today
Clue 4-Letter Word % Correct
Knock on ____WOOD
96.8%
Hamill or Zuckerberg, e.g.MARK
96.4%
Fill luggage•PACK•
96.2%
Phone upCALL
95.8%
Shopaholic's paradiseMALL
95.4%
Leave ones carPARK
95.2%
Lewis the track starCARL
93.5%
Mr. Grey of TeaEARL
93.4%
Robin's bonnet?HOOD
92.4%
Reserve a venueBOOK
91.9%
Clue 4-Letter Word % Correct
Pan's nemesisHOOK
91.3%
____ over: contemplateMULL
91.2%
Common laundromat lossSOCK
90.7%
Rover's greetingWOOF
90.5%
Musk's dream destinationMARS
89.6%
Fire SACK
88.9%
Supporters for spectaclesEARS
88.6%
Strong German lagerBOCK
87.5%
CNN's Blitzer•WOLF•
84.8%
Type of simple shoe•MULE•
72.6%

Today's Daily Dose

Missing Word
TV HA - HZ

Word Ladder
Nordic Capital

On This Day
January 19th II

You're not logged in!

Compare scores with friends on all Sporcle quizzes.
OR
Log In

You Might Also Like...

Show Comments

Extras

Top Quizzes Today


Score Distribution

Your Account Isn't Verified!

In order to create a playlist on Sporcle, you need to verify the email address you used during registration. Go to your Sporcle Settings to finish the process.

Report this User

Report this user for behavior that violates our Community Guidelines.

Details: